| 000 | 00784cam a2200241 a 4500 | ||
|---|---|---|---|
| 020 | _a9780826108821 | ||
| 020 | _a0826108822 | ||
| 020 | _a9780826108838 (ebook) | ||
| 020 | _a0826108830 (ebook) | ||
| 050 | 0 | 0 |
_aRA645.C3 _bC36 2012 |
| 245 | 0 | 0 |
_aCancer disparities : _bcauses and evidence-based solutions / _cRonit Elk, Hope Landrine, editors |
| 260 |
_aNew York : _bSpringer Pub. Co., _cc2012. |
||
| 300 | _axxxviii, 542 p. : | ||
| 650 | 0 | _xEpidemiology. | |
| 650 | 0 | _xMedical care. | |
| 650 | 0 | _xMedical care. | |
| 650 | 1 | 2 | _xepidemiology |
| 700 | 1 | _aElk, Ronit. | |
| 700 | 1 | _aLandrine, Hope, | |
| 856 | 4 | 2 | _uhttp://www.loc.gov/catdir/enhancements/fy1304/2011028433-b.html |
| 856 | 4 | 2 | _uhttp://www.loc.gov/catdir/enhancements/fy1304/2011028433-d.html |
| 942 |
_2lcc _cGEN |
||
| 999 |
_c14779 _d14779 |
||